| 000 | 00999nac a22002531u 4500 | ||
|---|---|---|---|
| 090 | _c3863 | ||
| 008 | 081125t 1997xxu||||| |||| 00| 0 eng d | ||
| 010 | _a 96016267 | ||
| 020 | _a0471110728 (pbk. : alk. paper) | ||
| 082 | 0 | 0 |
_a657.0285 _bACC |
| 245 | 1 | 0 |
_aCore concepts of accounting information systems / _cStephen A. Moscove, Mark G. Simkin, Nancy A. Bagranoff. |
| 250 | _a5th ed. | ||
| 260 |
_aNew York : _bJohn Wiley, _cc1997. |
||
| 300 |
_axix, 384 p. : _bill. ; _c26 cm. |
||
| 500 | _aRev. ed. of: Accounting information systems. | ||
| 504 | _aIncludes bibliographical references and index. | ||
| 650 | 0 |
_aAccounting _xData processing. |
|
| 650 | 0 |
_aInformation storage and retrieval systems _xAccounting. |
|
| 700 | 1 | _aSimkin, Mark G. | |
| 700 | 1 | _aBagranoff, Nancy A. | |
| 700 | 1 | _aMoscove, Stephen A. | |
| 942 |
_cBB _k657.0285ACC _2ddc |
||
| 999 |
_c3863 _d3863 |
||